000 00379nam a2200133Ia 4500
005 20251222143153.0
008 251222s9999||||xx |||||||||||||| ||spa||
020 _a9972-50-018-7
082 _a370.117.5/C536
100 _aChávez Reyes, Amancio
245 0 _aFormación de Profesores de Castellano y su Enseñanza en las Zonas Bilingües:
264 _bConcytec
942 _cLIB
999 _c12765
_d12765